载入...
Structural model for Indian economy : An economic study
| 主要作者: | |
|---|---|
| 格式: | Printed Book |
| 语言: | Undetermined English |
| 出版: |
Jaipur
R B S A Publishers
1986
|
| 主题: |
| LEADER | 00565nam a2200169Ia 4500 | ||
|---|---|---|---|
| 008 | 140306s9999 xx 000 0 und d | ||
| 041 | |a eng | ||
| 082 | |a 330.9 |b NAR/ST | ||
| 100 | |a Narain, Sinha | ||
| 245 | |a Structural model for Indian economy : An economic study | ||
| 260 | |a Jaipur |b R B S A Publishers |c 1986 | ||
| 300 | |a 190 | ||
| 365 | |b Rs.190 | ||
| 650 | |a Macro economic structure | ||
| 942 | |2 ddc |c BK | ||
| 999 | |c 183950 |d 183950 | ||
| 952 | |0 0 |1 0 |2 ddc |4 0 |6 330_900000000000000_NAR_ST |7 0 |9 189777 |a KAUCBV |b KAUCBV |d 2004-03-03 |g 190.00 |o 330.9 NAR/ST |r 2014-03-22 |w 2014-03-22 |y BK | ||